Pensando en una teología negra feminista de liberación /

保存先:
書誌詳細
第一著者: Mena López, Maricel
フォーマット: テキスト
主題:
タグ: タグ追加
タグなし, このレコードへの初めてのタグを付けませんか!

MARC

LEADER 00000 a a2200000 04500
001 2388
003
040
100 |a Mena López, Maricel  
245 |a Pensando en una teología negra feminista de liberación /  |c Maricel Mena López  
650 |a FEMENISMO  
650 |a DISCRIMINACION RACIAL  
650 |a IGLESIA  
773 |g número 26; páginas 40-43  
999 |c 20680  |d 20680